Prístupy k posudzovaniu faktorov ovplyvňujúcich priame zahraničné investície so zameraním na daňové činitele

Saved in:
Bibliographic Details
Main Author: Schultzová, Anna
Format: Book Chapter
Language:Slovak
Tags: Add Tag
No Tags, Be the first to tag this record!

MARC

LEADER 00000nla$a2200000$$$4500
001 0087704
005 20240502083228.9
041 0 |a slo 
044 |a CZ 
245 1 0 |a Prístupy k posudzovaniu faktorov ovplyvňujúcich priame zahraničné investície so zameraním na daňové činitele  |c Anna Schultzová 
100 1 |a Schultzová, Anna